000
00220nam a2200097 a 4500
005
20201002040230.0
008
140127s1930 000 spa d
245
0
_a
Annals.
260
_a
Barcelona,
_c
1930.
999
_c
42043
_d
42043
040
_a
DO-SdBNP